00512nam a2200109Ia 4500008004100000050002200041100002500063245018300088260008600271300003300357521001200390140724s9999 xx 000 0 und d aRT 73b.C112 2011 aCabaccang, Stefan A. 4aThe correlates of temperaments, social networking habit and study habit of the nursing students batch 2013 of Southville International School and Colleges /cStefan A. Cabaccang. aLas Piñas, Philippines :bSouthville International School and Colleges,cc2011. a61 p. :bcol. ill. ;c28 cm. aNursing